Normal view
MARC view
- Wing, Charles,
Entry Personal Name
001 - CONTROL NUMBER
- control field: 90671
003 - CONTROL NUMBER IDENTIFIER
- control field: NUST
005 - DATE AND TIME OF LATEST TRANSACTION
- control field: 20220318143359.0
008 - FIXED-LENGTH DATA ELEMENTS
- fixed length control field: 220318|| aca||aabn | a|a d
040 ## - CATALOGING SOURCE
- Original cataloging agency: NUST
- Transcribing agency: NUST
100 ## - HEADING--PERSONAL NAME
- Personal name: Wing, Charles,
- Dates associated with a name: 1939-
670 ## - SOURCE DATA FOUND
- Source citation: Work cat.: (NUST)0: Wing, Charles, 1939- author., How your house works :
